00000000nas 2200000za 4500
0019.861295
003CaOODSP
00520221107160723
007cr |||||||||||
008180829d20182018oncar p o    f0   a0eng|d
022 |a2562-0061
040 |aCaOODSP|beng
043 |an-cn---
0861 |aIu1-25/1E-PDF
222 0|aISED Canada annual survey. Executive summary |b(Online)
24500|aISED Canada annual survey. |pexecutive summary |h[electronic resource].
2463 |aInnovation, Science and Economic Development Canada annual survey. |pexecutive summary.
260 |aOttawa : |bInnovation, Science and Economic Development Canada, |c[2018]-[2018]
310 |aAnnual
3621 |aBegan with: 2018; ceased with 2018.
500 |aIssued also in French under title: Sondage annuel d'ISDE : sommaire.
530 |aIssued also in print.
69207|2gccst|aSurveys
69207|2gccst|aEconomic development
7101 |aCanada. |bInnovation, Science and Economic Development Canada.
77508|tSondage annuel d'ISDE. |w(CaOODSP)9.861303
7760#|tISED Canada annual survey. |w(CaOODSP)9.861298